Frogs and Toads : (Record no. 9251)

MARC details
000 -LEADER
fixed length control field 00984nam a22002777a 4500
001 - CONTROL NUMBER
control field 9251
003 - CONTROL NUMBER IDENTIFIER
control field FISKH
005 - DATE AND TIME OF LATEST TRANSACTION
control field 20251205101616.0
008 - FIXED-LENGTH DATA ELEMENTS--GENERAL INFORMATION
fixed length control field 251205b cb ||||| |||| 00| 0 eng d
020 ## - INTERNATIONAL STANDARD BOOK NUMBER
International Standard Book Number 9780816749829
040 ## - CATALOGING SOURCE
Original cataloging agency FISKH
Language of cataloging eng
Transcribing agency FISKH
Modifying agency FISKH
082 ## - DEWEY DECIMAL CLASSIFICATION NUMBER
Classification number 597.8
100 ## - MAIN ENTRY--PERSONAL NAME
Personal name Schultz, Ellen
245 ## - TITLE STATEMENT
Title Frogs and Toads :
Statement of responsibility, etc. Written by Ellen Schultz ; Illustrated by Pedro J. Gonzalez
260 ## - PUBLICATION, DISTRIBUTION, ETC.
Place of publication, distribution, etc. United States :
Name of publisher, distributor, etc. Troll,
Date of publication, distribution, etc. 1999.
300 ## - PHYSICAL DESCRIPTION
Extent 47 pages :
Other physical details color illustrations ;
Dimensions 18 x 23 cm
490 ## - SERIES STATEMENT
Series statement I can read about
505 ## - FORMATTED CONTENTS NOTE
Formatted contents note G<br/>
520 ## - SUMMARY, ETC.
Summary, etc. Describes how frogs and toads appear in the springtime, follows their life cycle through the year, and discusses the differences between frogs and toads and the various species of the creatures.
521 8# - TARGET AUDIENCE NOTE
Target audience note 400<br/>
Source Lexile estimate<br/>
521 8# - TARGET AUDIENCE NOTE
Target audience note G<br/>
Source Raz-Plus<br/>
650 ## - SUBJECT ADDED ENTRY--TOPICAL TERM
Topical term or geographic name entry element Amphibians
Form subdivision Science
General subdivision Animals
700 ## - ADDED ENTRY--PERSONAL NAME
Personal name Gonzalez, Pedro J.
Relator term illustrator
942 ## - ADDED ENTRY ELEMENTS (KOHA)
Source of classification or shelving scheme Dewey Decimal Classification
Koha item type Books
Suppress in OPAC No
Holdings
Withdrawn status Lost status Source of classification or shelving scheme Damaged status Not for loan Collection Home library Current library Shelving location Date acquired Total Checkouts Full call number Barcode Date last seen Copy number Price effective from Koha item type
    Dewey Decimal Classification     Non-Fiction Footprints International School Library Network Toul Tom Poung Campus Footprints International School Library Network Toul Tom Poung Campus TTP Primary Dark Blue Bookshelves 12/05/2025   SCH 597.8 FIS01369 12/05/2025 1 12/05/2025 Books